[Event "FRA-ch op-C"]
[Site "Nimes"]
[Date "2009.08.20"]
[Round "9"]
[White "Lemaire, Olivier"]
[Black "Lagache, Yves"]
[Result "1/2-1/2"]
[WhiteElo "1710"]
[BlackElo "1734"]
[PlyCount "85"]
[EventDate "2009.08.11"]
[EventType "swiss"]
[EventRounds "11"]
[EventCountry "FRA"]
[SourceTitle "EXT 2011"]
[Source "ChessBase"]
[SourceDate "2010.11.26"]
[SourceVersion "1"]
[SourceVersionDate "2010.11.26"]
[SourceQuality "1"]

1. d4 Nf6 2. Nf3 g6 3. Bg5 Bg7 4. e3 c5 5. c3 Ne4 6. Bf4 Qa5 7. Qc2 d5 8. Nbd2 Nxd2 9. Nxd2 Bf5 10. Qb3 cxd4 11. exd4 b6 12. Qb5+ Qxb5 13. Bxb5+ Bd7 14. Bxd7+ Nxd7 15. 0-0 0-0 16. Rfe1 e6 17. Re2 Rfc8 18. a4 a6 19. Kf1 b5 20. axb5 axb5 21. Rxa8 Rxa8 22. Nb3 Bf8 23. f3 b4 24. Nc1 bxc3 25. bxc3 Ra1 26. Kf2 Nb6 27. Nd3 Na4 28. Rc2 Ra3 29. Bd2 Bd6 30. h3 Bc7 31. Nc1 Ba5 32. Ra2 Rxa2 33. Nxa2 Nb2 34. Ke2 f6 35. Nc1 Kf7 36. Nb3 Bb6 37. Bc1 Nc4 38. Kd3 Ke7 39. Nd2 Na5 40. Ba3+ Kd7 41. c4 dxc4+ 42. Nxc4 Kc6 43. Nxa5+ 1/2-1/2

[Event "FRA-ch op-C"]
[Site "Nimes"]
[Date "2009.08.19"]
[Round "8"]
[White "Artiaga, Harold"]
[Black "Lemaire, Olivier"]
[Result "0-1"]
[WhiteElo "1779"]
[BlackElo "1710"]
[PlyCount "92"]
[EventDate "2009.08.11"]
[EventType "swiss"]
[EventRounds "11"]
[EventCountry "FRA"]
[SourceTitle "EXT 2011"]
[Source "ChessBase"]
[SourceDate "2010.11.26"]
[SourceVersion "1"]
[SourceVersionDate "2010.11.26"]
[SourceQuality "1"]

1. g3 Nf6 2. c4 e5 3. Nc3 c6 4. e4 d6 5. Bg2 Be7 6. Nge2 0-0 7. h3 Be6 8. b3 Ne8 9. 0-0 f5 10. d3 Qc8 11. Kh2 g6 12. f4 Ng7 13. Be3 Nd7 14. Rc1 Qd8 15. Qd2 fxe4 16. dxe4 exf4 17. Bxf4 Ne5 18. Nd4 Qd7 19. Rcd1 Rad8 20. Nf3 Qc7 21. Ne2 Nxf3+ 22. Bxf3 Qc8 23. g4 b6 24. Qb4 Qc7 25. Qc3 Bf6 26. Qc2 Be5 27. Qd2 Rd7 28. Bxe5 dxe5 29. Qc3 Rfd8 30. Ng3 Rxd1 31. Rxd1 Rxd1 32. Bxd1 Qd6 33. Be2 c5 34. Kg2 Bd7 35. Nf1 Ne6 36. Ne3 Nf4+ 37. Kf3 Nxh3 38. Nd5 Ng1+ 39. Kf2 Nxe2 40. Kxe2 Bxg4+ 41. Ke1 Kg7 42. a4 Be6 43. Nf4 Kg8 44. Ne2 Bg4 45. Nc1 Qd1+ 46. Kf2 Qd4+ 0-1

[Event "St Chely d'Aubrac op 7th"]
[Site "St Chely d'Aubrac"]
[Date "2007.07.16"]
[Round "3"]
[White "Boulier, Rene"]
[Black "Lemaire, Olivier"]
[Result "1-0"]
[WhiteElo "1971"]
[BlackElo "1578"]
[PlyCount "109"]
[EventDate "2007.07.07"]
[EventType "swiss"]
[EventRounds "9"]
[EventCountry "FIN"]
[SourceTitle "EXT 2008"]
[Source "ChessBase"]
[SourceDate "2007.11.25"]
[SourceVersion "1"]
[SourceVersionDate "2007.11.25"]
[SourceQuality "1"]

1. e4 c5 2. Nc3 d6 3. f4 Nc6 4. Bb5 Bd7 5. Nf3 e6 6. 0-0 a6 7. Bxc6 bxc6 8. e5 d5 9. d3 Nh6 10. h3 Nf5 11. Ne2 h5 12. Kh2 Be7 13. g3 g6 14. h4 0-0 15. Qe1 Kg7 16. Neg1 Rb8 17. Kh3 Rh8 18. Qf2 Qa5 19. Bd2 Qb5 20. b3 a5 21. a4 Qb6 22. Qe1 Ra8 23. Rb1 Rhb8 24. Ng5 Rh8 25. N1f3 Rhb8 26. Bc3 Bd8 27. Qe2 Qa7 28. g4 hxg4+ 29. Kxg4 d4 30. Bd2 Be7 31. Rh1 Rh8 32. Rbg1 Rh5 33. Qg2 Rah8 34. Rh2 Qa8 35. Rgh1 Qa6 36. Ne4 Qb6 37. Qf2 Qd8 38. Qe1 Nh6+ 39. Kg3 Nf5+ 40. Kf2 Nxh4 41. Bxa5 Qa8 42. Nf6 Nxf3 43. Nxh5+ Rxh5 44. Rxh5 gxh5 45. Kxf3 Qh8 46. Qg1+ Kf8 47. Be1 Ke8 48. Qh2 Kd8 49. Qxh5 Qxh5+ 50. Rxh5 Be8 51. Rh6 Kd7 52. Bh4 Bf8 53. Rh8 Bg7 54. Rg8 Bh6 55. Bf6 1-0

[Event "St Chely d'Aubrac op 7th"]
[Site "St Chely d'Aubrac"]
[Date "2007.07.14"]
[Round "1"]
[White "Labarthe, Arnaud"]
[Black "Lemaire, Olivier"]
[Result "1/2-1/2"]
[WhiteElo "1952"]
[BlackElo "1578"]
[PlyCount "100"]
[EventDate "2007.07.07"]
[EventType "swiss"]
[EventRounds "9"]
[EventCountry "FIN"]
[SourceTitle "EXT 2008"]
[Source "ChessBase"]
[SourceDate "2007.11.25"]
[SourceVersion "1"]
[SourceVersionDate "2007.11.25"]
[SourceQuality "1"]

1. d4 d5 2. Nc3 Bf5 3. f3 e6 4. e4 dxe4 5. fxe4 Bg6 6. Nf3 Nf6 7. Bd3 Bb4 8. Bg5 Be7 9. h4 h6 10. Bxf6 Bxf6 11. e5 Bxd3 12. Qxd3 Be7 13. Qb5+ Nd7 14. Qxb7 Rb8 15. Qxa7 Rxb2 16. 0-0-0 Rb8 17. Rd3 Qc8 18. Qa4 0-0 19. Qc6 Ba3+ 20. Kd2 Rb6 21. Qe4 Qa6 22. Nb1 Bb4+ 23. Ke3 Qxa2 24. c3 Be7 25. Rd2 Qa7 26. g4 Rfb8 27. Rdd1 Qb7 28. Qxb7 R6xb7 29. Nbd2 c5 30. Rb1 cxd4+ 31. cxd4 Nb6 32. Kd3 Nd5 33. Rxb7 Rxb7 34. Rb1 Rxb1 35. Nxb1 Bb4 36. g5 Kf8 37. gxh6 gxh6 38. Nbd2 Bxd2 39. Nxd2 f6 40. Nf3 Ke7 41. Kc4 Nf4 42. Kc5 Nd5 43. Nh2 Ne3 44. exf6+ Kxf6 45. Nf3 Kf5 46. Kd6 Kg4 47. Ne5+ Kxh4 48. Kxe6 Kg5 49. Nf7+ Kg6 50. Ne5+ Kg5 1/2-1/2